LEADER 01745nam 2200385Ia 450 001 996385611803316 005 20200824132117.0 035 $a(CKB)4940000000078877 035 $a(EEBO)2240954441 035 $a(OCoLC)ocm12761054e 035 $a(OCoLC)12761054 035 $a(EXLCZ)994940000000078877 100 $a19851105d1699 uy | 101 0 $alat 135 $aurbn||||a|bb| 200 00$aEdvardi Luidii apud Oxoniensis Cimeliarchæ Ashmoleani Lithophylacii Britannici ichnographia, sive, Lapidum aliorumque fossilium britannicorum singulari figura insignium$b[electronic resource] $equotquot hactenus vel ipse invenit vel ab amicis accepit, distributio classica : scrinii sui lapidarii repertorium cum locis singulorum natalibus exhibens : additis rariorum aliquot figuris ære incisis, cum epistolis ad clarissimos viros de quibusdam circa marina fossilia & stirpes minerales præsertim notandis 210 $aLondini $cEx officina M.C.$d1699 215 $a[16], 139, [5] p., [23] p. of plates $cill 300 $aReproduction of original in Cambridge University Library. 300 $aTable of contents: p. [15]-[16] 300 $aIndex: p. [2]-[5] at end. 330 $aeebo-0021 606 $aPaleontology$zGreat Britain 606 $aPaleontology$vEarly works to 1800 615 0$aPaleontology 615 0$aPaleontology 700 $aLhuyd$b Edward$f1660-1709.$01001728 801 0$bEAA 801 1$bEAA 801 2$bm/c 801 2$bWaOLN 906 $aBOOK 912 $a996385611803316 996 $aEdvardi Luidii apud Oxoniensis Cimeliarchæ Ashmoleani Lithophylacii Britannici ichnographia, sive, Lapidum aliorumque fossilium britannicorum singulari figura insignium$92396077 997 $aUNISA LEADER 01469nas 2200493-a 450 001 996251297303316 005 20230213213019.0 011 $a1552-8278 035 $a(DE-599)ZDB2030802-4 035 $a(OCoLC)41205740 035 $a(CKB)954925591435 035 $a(CONSER)--2004214349 035 $a(EXLCZ)99954925591435 100 $a19990419a19909999 s-- a 101 0 $aeng 135 $aurmnu|||||||| 181 $ctxt$2rdacontent 182 $cc$2rdamedia 183 $acr$2rdacarrier 200 10$aSmall group research 210 $a[Thousand Oaks, Calif.] $cSage Publications$d[1990]- 300 $aRefereed/Peer-reviewed 300 $aTitle from journal home page (Sage Web site, viewed Sept. 26, 2007). 311 $a1046-4964 531 $aSMALL GR RES 531 $aSMALL GROUP RES 606 $aSmall groups$vPeriodicals 606 $aSmall groups$xResearch$vPeriodicals 606 $aGroup Processes 606 $aPsychotherapy, Group 606 $aSmall groups$2fast$3(OCoLC)fst01121421 606 $aSmall groups$xResearch$2fast$3(OCoLC)fst01121432 608 $aPeriodicals.$2fast 615 0$aSmall groups 615 0$aSmall groups$xResearch 615 2$aGroup Processes. 615 2$aPsychotherapy, Group. 615 7$aSmall groups. 615 7$aSmall groups$xResearch. 676 $a302 906 $aJOURNAL 912 $a996251297303316 996 $aSmall group research$92108957 997 $aUNISA